书目信息 |
| 题名: |
清华幸福课
|
|
| 作者: | 曹丽清 著 ;刘亦雄 整理 | |
| 分册: | ||
| 出版信息: | 北京 中国纺织出版社 2015 |
|
| 页数: | 238页 | |
| 开本: | 23cm | |
| 丛书名: | ||
| 单 册: | ||
| 中图分类: | B82-49 | |
| 科图分类: | ||
| 主题词: | 幸福--通俗读物 | |
| 电子资源: | ||
| ISBN: | 978-7-5180-1781-2 | |
| 000 | 00986nam0 2200265 450 | |
| 001 | 012001000290 | |
| 005 | 20140920091301.0 | |
| 010 | @a978-7-5180-1781-2@dCNY35.80 | |
| 100 | @a20151101d2015 em y0chiy50 ea | |
| 101 | 0 | @achi |
| 102 | @aCN@b110000 | |
| 105 | @aa z 000yy | |
| 106 | @ar | |
| 200 | 1 | @a清华幸福课@9Qing Hua Xing Fu Ke@e中国人自己的幸福实践手册@f曹丽清著@g刘亦雄整理 |
| 210 | @a北京@c中国纺织出版社@d2015 | |
| 215 | @a238页@c照片@d23cm | |
| 300 | @a生命成长教育系列 | |
| 330 | @a本书从优秀传统文化和现代文明先进成果中吸取养分,首先重新确立看待事物的视角,即站在生命的立场上去看待“幸福”,提出“幸福”不是一个概念,而是“敞开自己,允许一切发生的生命体验”。 | |
| 517 | 1 | @a中国人自己的幸福实践手册@9Zhong Guo Ren Zi Ji De Xing Fu Shi Jian Shou Ce |
| 606 | 0 | @a幸福@j通俗读物 |
| 690 | @aB82-49@v5 | |
| 701 | 0 | @a曹丽清@9Cao Li Qing@4著 |
| 702 | 0 | @a刘亦雄@9Liu Yi Xiong@4整理 |
| 801 | 0 | @aCN@b上海新华@c20180901 |
| 905 | @b1041438-42@dB82-49@e1073@f5 | |
| 清华幸福课:中国人自己的幸福实践手册/曹丽清著/刘亦雄整理.-北京:中国纺织出版社,2015 |
| 238页:照片;23cm |
| 生命成长教育系列 |
| ISBN 978-7-5180-1781-2:CNY35.80 |
| 本书从优秀传统文化和现代文明先进成果中吸取养分,首先重新确立看待事物的视角,即站在生命的立场上去看待“幸福”,提出“幸福”不是一个概念,而是“敞开自己,允许一切发生的生命体验”。 |
| ● |
| 相关链接 |
|
|
|
|
正题名:清华幸福课
索取号:B82-49/1073
 
预约/预借
| 序号 | 登录号 | 条形码 | 馆藏地/架位号 | 状态 | 备注 |
| 1 | 1041438 | 210414381 | 第一样本阅览室/ [索取号:B82-49/1073] | 在馆 | |
| 2 | 1041439 | 210414390 | 第一借阅区/ [索取号:B82-49/1073] | 在馆 | |
| 3 | 1041440 | 210414407 | 第一借阅区/ [索取号:B82-49/1073] | 在馆 | |
| 4 | 1041441 | 210414416 | 第一借阅区/ [索取号:B82-49/1073] | 在馆 | |
| 5 | 1041442 | 210414425 | 第一借阅区/ [索取号:B82-49/1073] | 在馆 |